000 00805nam a2200229Ia 4500
003 OSt
005 20220925210401.0
006 a|||||r|||| 00| 0
007 ta
008 220923b |||||||| |||| 00| 0 eng d
037 _cGeneral Book
040 _aRTL
_cRTL
_beng
041 _2eng
_aeng
082 _aY:5.2sN71, L4.1-VI-C
100 _aCENSUS OF India
_9257028
245 0 _aVillage survey monograph(socio-economic survey) , Dapada - a village in dadra and nagar haveli
_b India
260 _aIndia
_bGovt. press
_c1971
490 _vV I India. Village survey monograph pt VI-C Monograph no.2
_aDapada-A village in Dadra and nagar Haveli
700 _a1971
_9152337
942 _hY:5.2sN71, L4.1-VI-C
_cGB
_2CC
999 _c554926
_d554926